ch24 - Statistics

General Stats
  • This quiz has been taken 2 times
  • The average score is 13 of 21
Answer Stats
Hint Answer % Correct
He invented the telephone which created a communication network and brought women into the workforce Alexander Bell
100%
The steel king. Miners dug out ore from the wasabi range and traveled on Andrew's ships and traveled on Andrew's railways and went to Andrew's factories. He owned everything Andrew Carnegie
100%
Prohibited rebates and pools (monopolies Collab), created the interstate commission to enforce these laws, and required railroads to make their information public. Interstate commerce Act
100%
He did sideways integration John Rockefeller
100%
His biggest contribution was the electric light bulb which lit up the night. Thomas Edison
100%
The union for unions, bread and butter (better pay, shorter work hours, better work conditions) American Federation of Labor
50%
The AFoL thing that employers can only employ people who are union people Closed Shop
50%
Railroad Robber Barren Cornelieus Vanderblit
50%
Bombing happened in Chicago due to some anarchists. Led to distrust in unions and membership decreased Haymarket Square
50%
You appoint leaders of like one company to another company to reduce competetion. 2 different companies and you get this company and you fire all the people in that company and you put your own people in that company Interlocking Directorates
50%
They tried to include all members. Against going into politics, advocated for shorter work days, had a successful strike. Downfall came in Chicago in 1886 Knights of Labor
50%
The woman who fought for better working conditions. She also helped with stopping child labor Mother Jones
50%
First national union. They got up to 600000 members. Advocated for shorter work days and higher pay National Labor Union
50%
He was in charge of the AFoL Samuel Gompers
50%
Tried to combat mega corporations. It made interlocking directorates illegal, holding companies illegal. Ineffective because it's hard to prove these things exist and it's too weak. Sherman anti trust act
50%
Take Charles darwin's idea of evolution and apply it to society. The rich people are there because they are the strongest and most evolved. Social darwinists
50%
John D made this oil company Standard Oil Company
50%
Having a monopoly Trust
50%
Andrew did this to maximize profits. It'w where you own everything, so you don't have to pay anyone for transport or manufacture or something. Vertical integration
50%
Determined if individual states could regulate commerce between states. Supreme Court said: nuh uh only federal government can do that. Wabash case
50%
John D did this. It's when you control the trust (monopoly) Horizontal Intregration
0%
No matching quizzes found
Score Distribution
Percent of People with Each Score
Percentile by Number Answered
Your Score History
You have not taken this quiz